000 00268nam a2200121Ia 4500
008 190216s9999||||xx |||||||||||||| ||und||
100 _aBruce Wallace
245 0 _aAdaptation
260 _bPrentice Hall India
_c1963
300 _a113p
650 _aBotany
942 _cBK
999 _c1064
_d1064